Reading in American political behavior.

Shranjeno v:
Bibliografske podrobnosti
Format: Sách giấy
Jezik:English
Izdano: New York : Prentice-Hall, 1966.
Oznake: Označite
Brez oznak, prvi označite!
Thư viện lưu trữ: Thư viện Trường Đại học Đà Lạt
LEADER 00567nam a2200253 4500
001 DLU100105504
005 ##20100401
040 # # |a DLU  |b vie 
041 # # |a eng 
044 # # |a US 
082 # # |a 320.973  |b Rea 
245 # # |a Reading in American political behavior. 
260 # # |a New York :  |b Prentice-Hall,  |c 1966. 
300 # # |a xii, 338 p. ;  |c 23 cm. 
923 # # |a 100/2010 
992 # # |a 0 
994 # # |a DLU 
900 # # |a True 
911 # # |a Đào Thị Thu Huyền 
925 # # |a G 
926 # # |a A 
927 # # |a SH 
980 # # |a Thư viện Trường Đại học Đà Lạt